000 00498nam a22001697a 4500
003 UA-OsUOA
001 15345
007 ta
008 20031108b un ||||| |||| 00| 0 ukr d
942 _cSA
040 _aUA-OsUOA
_cUA-OsUOA
_dUA-OsUOA
245 _aКузнецовськ сьогодні: [Статистич. дані]
300 _aС.4, 5
955 _a0
773 0 _w0
_tЕнергія
_dКузнецовськ
_d2003
_g№35/ 12 верес./
650 7 _aІсторія міст і сіл
_2UDC
999 _c301510
_d301510